| 000 | 00336nam a22001217a 4500 | ||
|---|---|---|---|
| 020 | _a07-069454-0 | ||
| 082 | _a538.364 WER'E | ||
| 100 |
_aBOLTON, JAMES R,WERTZ, JOHN E _978569 |
||
| 245 | _aELECTRON SPIN RESONANCE ELEMENTARY THEORY AND PRACTICAL APPLICATIONS | ||
| 260 |
_aNEWYORK _bMCGRAW HILL _c1972 |
||
| 300 | _a497P | ||
| 942 | _cBK | ||
| 999 |
_c583680 _d583680 |
||